000 02087nam a2200133Ia 4500
008 220615s9999||||xx |||||||||||||| ||und||
020 _a9783040000000
245 0 _aChemical Symmetry Breaking
546 _aEnglish[eng]
650 _aamplification of chirality||dynamic crystallization||Diels–Alder reaction||absolute asymmetric synthesis||conglomerate||racemization||attrition-enhanced deracemization||Viedma ripening||reversible reaction||enantiomorphic crystal||polymorphism||off-shell quantum field||space-like momentum||dressed photon||micro-macro duality||Clebsch dual field||Majorana fermion||the cosmological term||Weyl tensor||dark energy||dark matter||photomechanical||crystal||right–left symmetry breaking||chiral symmetry breaking||dissipative structure||energy conversion||mechanical work||self-oscillation||collective dynamics||autonomous motion||self-replication||autocatalysis||molecular motor||molecular robot||amorphous-to-crystal phase transformation||detection of real-time symmetry breaking||mechanofluorochromism||fluorescence spectroscopy||liquid-like cluster||evaporative crystallization||quartz crystal microbalance||two-step nucleation model||chiral||circularly polarized luminescence (CPL)||magnetic circularly polarized luminescence (MCPL)||spontaneous resolution||chirality||deracemization||preferential enrichment||thermodynamics||phase diagrams||kinetics||symmetry breaking||ferroelectricity||antiferrolelectricity||subphases||resonant X-ray scattering||vapochromism||fluorescence||macrocycles||inclusion crystals||host–guest chemistry||spin symmetry breaking||magnetic liquid crystals||magneto-LC effect||nitroxide radicals||superparamagnetic domain||spin glass state||elastic organic crystals||mechanical deformation||π-conjugated molecules||photoluminescence||deformation-induced photoluminescence changes||biomolecular handedness||circular dichroism||circularly polarized luminescence||non-equilibrium||colloid||conjugated polymer
700 _aTamura, Rui
856 _uhttps://mdpi.com/books/pdfview/book/4053
942 _cEB
999 _c13387
_d13387